| 000 | 00387pab a2200157 454500 | ||
|---|---|---|---|
| 008 | 180718b2008 xxu||||| |||| 00| 0 eng d | ||
| 100 | _aChaudhury, Sukant K. | ||
| 245 | _aDo Kondh constitute a tribe? The question of identity | ||
| 260 | _c2008 | ||
| 300 | _ap.473-83. | ||
| 362 | _aOct-Dec | ||
| 650 | _aTribes | ||
| 773 | _aEastern Anthropologist | ||
| 908 | _aN | ||
| 909 | _a82229 | ||
| 999 |
_c82229 _d82229 |
||